Pregón de la Semana Santa de Badalona / por el Excmo. Sr. D. Joaquín Buxó de Abaigar...
Descripción Física:
66 p. : il. ; 24 cm
Materias:
Setmana Santa -- Badalona
MARC
| LEADER | 00000nam a2200000Ia 4500 | ||
|---|---|---|---|
| 001 | 1911 | ||
| 008 | 160829s1957 xx 000 0 cat d | ||
| 080 | |a M-3-358 | ||
| 110 | 1 | |a Barcelona (Catalunya : Província). |b President (1949-1967 : Buxó de Abaigar) |9 54218 | |
| 245 | |a Pregón de la Semana Santa de Badalona / por el Excmo. Sr. D. Joaquín Buxó de Abaigar... | ||
| 260 | |a Barcelona : |b Sección de Prensa de la Diputación Provincial de Barcelona, |c 1957 | ||
| 300 | |a 66 p. : |b il. ; |c 24 cm | ||
| 590 | |a A la portada: 'pronunciado el día 15 de abril de 1957 en el Teatro Victoria por el Excelentísimo Señor D. Joaquím Buxó Dulce d'Abaigar' | ||
| 650 | |a Setmana Santa |x Badalona |9 23129 | ||
| 710 | 1 | |a Barcelona (Catalunya : Província). |b Diputació |9 52408 | |
| 901 | |a Arxiu | ||
| 942 | |n 1 |2 udc | ||
| 952 | |0 0 |1 0 |4 0 |6 M3358 |7 1 |9 42547 |a Arxiu |b Arxiu |d 2016-12-01 |l 0 |o M-3-358 |p 1911 |r 2016-12-01 00:00:00 |w 2016-12-01 |y ARXIU | ||
| 999 | |c 45052 |d 45052 | ||